Mélo-Tiakola - Statistiques

Statistiques générales
  • Ce quiz a été pris 238 fois
  • Le résultat moyen est 12 sur 16
Statistiques - réponses
Chanteur(s) Réponse % Correct
Tiakola/RSKO Gasolina
90%
Tiakola Meuda
90%
Tiakola/Hamza Atasanté
87%
Tiakola/SDM Roro
87%
Tiakola Parapluie
84%
Tiakola/Niska/Gazo Mode AV
79%
Tiakola Coucher de soleil
75%
Tiakola M3lo
75%
Tiakola Riri / No camera
74%
Tiakola La clé
71%
Tiakola Si j'savais
68%
Tiakola Soza
65%
Tiakola #TT
65%
Tiakola Arsenik
64%
Tiakola R.I.Peace
63%
Tiakola 1ntro'p
59%
Aucun quiz correspondant
Distribution des résultats
% des personnes avec chaque résultat
Percentile par nombre de réponses
Votre historique - résultats
Vous n’avez pas pris ce quiz